000 00605nam a2200181Ia 4500
003 GCL
008 140319s9999 xx 000 0 ara d
040 _aGCL /
_cGCL
082 0 4 _a327.4056
_bم ع
100 1 _aمحمد مفيد الشوباش
245 1 0 _aالعرب والحضارة الاوربية (هدية من الاديب عبدالفتاح الجمل) /
_cمحمد مفيد الشوباش
300 _a121 ص
490 _aالمكتبة الثقافية
_v0
650 0 4 _aالعالم العربى
650 0 4 _aتاريخ
650 0 4 _aالحضارة الاوربية
942 _2ddc
_cBK
999 _c42629
_d42629